000 00534nam a22001817a 4500
003 CEME
005 20210628205658.0
008 210312b xxu||||| |||| 00| 0 eng d
020 _a0-07-036026-X
040 _c.
082 _a629.13443 KRA
100 _aKrause, Shari Stanford
_976624
245 _aAircraft safety accident investigations analyses and applications
260 _aNEWYORK
_bMCGRAW HILL
_c1996
300 _a379P
650 _aAERONAUTICS-SAFETY MEASURES AIRCRAFT ACCIDENTS-INVESTIGATION
_976625
942 _cBK
_2ddc
999 _c581970
_d581970